Obálka Náhled e-knihy:
PDF Epub
Pro půjčování e-knih musíte být přihlášeni.
Jak si půjčit online?

Kouzelný králíček. Strážce klíče /

Nový příběh ze série o kouzelných zvířátkách.

Uloženo v:
Série:Kouzelný králíček, část 1
Hlavní autor: Bentley, Sue, 1951- (Autor)
Další autoři: Swan, Angela, 1982- (Autor), Lopatová, Žofie (Ilustrátor)
Médium: E-kniha
Jazyk:Czech
Vydáno: V Praze : Fragment, 2019
Vydání:1. vydání
Témata:
Příbuzné jednotky:Přeloženo z: Magic Bunny
Z cyklu:: Kouzelný králíček
Tagy:
Žádné tagy
LEADER 02643nam a2200529 i 4500
001 311041
003 CZ PrSKC
005 20260601215658.0
007 ta
008 190503s2019 xr a b 000 j cze
015 |a cnb003094919 
020 |a 9788025341575  |q (vázáno) :  |c Kč 149,00 
035 |a (OCoLC)1104142502 
040 |a ABG001  |b cze  |d BOA001  |e rda 
041 1 |a cze  |h eng 
072 7 |a 821.111-3  |x Anglická próza, anglicky psaná  |2 Konspekt 
072 7 |a 821-93  |x Literatura pro děti a mládež (beletrie)  |2 Konspekt 
080 |a 821.111-32  |2 MRF 
080 |a 821-93  |2 MRF 
080 |a (0:82-32)  |2 MRF 
100 1 |a Bentley, Sue,  |d 1951-  |7 jo2008479178  |4 aut 
240 1 0 |a Chocolate wishes.  |l Česky 
245 1 0 |a Kouzelný králíček.  |p Strážce klíče /  |c Sue Bentleyová ; ilustrovala Angela Swanová ; z anglického originálu Magic bunny - chocolate wishes ... přeložila Žofie Lopatová 
246 3 0 |a Strážce klíče 
250 |a 1. vydání 
264 1 |a V Praze :  |b Fragment,  |c 2019 
300 |a 118 stran :  |b ilustrace ;  |c 20 cm 
336 |a text  |b txt  |2 rdacontent 
337 |a bez média  |b n  |2 rdamedia 
338 |a svazek  |b nc  |2 rdacarrier 
500 |a Na hřbetu označení: 4 
520 2 |a Nový příběh ze série o kouzelných zvířátkách.  |b Diana má starosti. Čeká ji nástup do nové školy, ve které nikoho nezná, a obává se, zda si bude umět najít kamarády. Pak ale potká kouzelného králíčka Šípa, který její zasmušilý pohled na svět změní. Dianě je najednou jasné, že tenhle rok vůbec nebude osamělá. Jednoho kamaráda právě našla a další jistě brzy přibudou!Nakladatelská anotace. 
521 8 |a Pro děti od 5 let 
655 7 |a anglické příběhy  |7 fd131813  |2 czenas 
655 7 |a publikace pro děti  |7 fd133156  |2 czenas 
655 9 |a English stories  |2 eczenas 
655 9 |a children's literature  |2 eczenas 
700 1 |a Swan, Angela,  |d 1982-  |7 ola2018992819  |4 ill 
700 1 |a Lopatová, Žofie  |7 mzk2016913800  |4 trl 
765 0 |t Magic Bunny 
787 0 8 |i Z cyklu:  |t Kouzelný králíček  |g 1 
900 |a ABA001  |b 20 
928 9 |a Albatros Media - Fragment 
044 |a xr 
910 |a RBIT002 
998 |d 184744  |a https://core.palmknihy.cz/api/books/184744/cover?pqi18t  |b https://core.palmknihy.cz/api/books/184744/cover/400?pqi18t  |c https://core.palmknihy.cz/api/books/184744/cover/50?pqi18t  |e 2027-06-22  |g 120  |i 9788025341575  |j https://core.palmknihy.cz/api/books/184744/preview.epub  |k https://core.palmknihy.cz/api/books/184744/preview.pdf  |l   |q 49  |r 1  |s https://www.palmknihy.cz/kniha/184744  |t ebook  |y 2019  |z 0  |v Kouzelný králíček  |w 1 
999 |d 311039